|
|
|
|
| LEADER |
00000nab a2200000 a 4500 |
| 001 |
vtls000042962 |
| 003 |
SK-MaSNL |
| 005 |
20260304065015.0 |
| 008 |
250422c1979 xo 0 slo |
| 015 |
|
|
|a SNBRB19rr/mm-uuuuu
|
| 035 |
|
|
|a CL0053057
|
| 035 |
|
|
|a urn:nbn:sk:snk-aba73j
|
| 035 |
|
|
|a (urnnbn)urn:nbn:sk:snk:ar-a09ixq
|
| 035 |
|
|
|a (uuid)736a2c09-3b75-497f-ad8d-588cae6cdc51
|
| 040 |
|
|
|a SNKBUCL
|b slo
|c SNKBUCL
|e AACR2
|
| 041 |
0 |
|
|a slo
|
| 044 |
|
|
|a xo
|c SK
|
| 080 |
|
|
|a 331.1
|2 1981
|
| 100 |
1 |
|
|a Thiemann, Helmut
|4 aut
|9 1353541
|
| 245 |
1 |
0 |
|a Hodnotenie výsledkov práce technickohospodárskych pracovníkov
|c Helmut Thiemann
|
| 650 |
0 |
7 |
|a pracovníci technickohospodárski
|2 snkbucl
|9 971210
|
| 650 |
0 |
7 |
|a práca
|2 snkbucl
|9 2337
|
| 650 |
0 |
7 |
|a efektívnosť práce
|2 snkbucl
|9 660237
|
| 655 |
|
7 |
|a články z novín a časopisov
|2 snkbucl
|9 267496
|
| 773 |
0 |
|
|t Syntéza
|g Roč. 12, č. 4 (1979), s. 273-276
|
| 850 |
|
|
|a Slovenská národná knižnica
|
| 852 |
|
|
|a Slovenská národná knižnica
|
| 954 |
|
|
|a odborná, vedecká literatúra pôvodná (slovenská)
|2 lita
|
| 958 |
|
|
|a article13
|
| 958 |
|
|
|a OND
|
| 958 |
|
|
|a RK
|
| 958 |
|
|
|a EUIPO
|
| 992 |
|
|
|a RBX
|
| 999 |
|
|
|c 2748895
|d 2750825
|